| 000 | 00377nam a22001337a 4500 | ||
|---|---|---|---|
| 005 | 20220608135954.0 | ||
| 008 | 220608b ||||| |||| 00| 0 eng d | ||
| 040 | _cOCLC | ||
| 082 |
_2DDC _a200 _bMAH |
||
| 100 |
_aMAHANTA, DR. ARUNDHATI _eAUTHOR |
||
| 245 |
_aKRISHNAR KRAMABIKASH ARU ASOMIYA SAHITYA _hASSAMESE |
||
| 260 |
_aSIBSAGAR _bKINJALIK PRAKASHAN _c1998 |
||
| 942 |
_2ddc _cBK |
||
| 999 |
_c28697 _d28697 |
||